Taxonomie des plantes - Click Quiz - Statistiques

Statistiques générales
  • Ce quiz a été pris 73 fois
  • Le résultat moyen est 8 sur 18
Statistiques - réponses
Hint Réponse % Correct
Lys Lilium
79%
Chanvre Cannabis
73%
Plantes à fleurs Angiospermes
67%
Pavot Papaver
65%
Légumineuses Fabaceae
56%
Graminées Poaceae
56%
Mousses Bryophyta
52%
Poirier Pyrus
50%
Pommier Malus
46%
Algues vertes Chlorophytes
44%
Pensées Viola
42%
Conifères Pinophyta
38%
Plantes à graines Spermatophytes
38%
Bananier Musa
31%
Composés Asteraceae
29%
Palmier Arecaceae
23%
Plantes terrestres Embryophyte
23%
Plantes vertes Viridiplantae
21%
Aucun quiz correspondant
Distribution des résultats
% des personnes avec chaque résultat
Percentile par nombre de réponses
Votre historique - résultats
Vous n’avez pas pris ce quiz